<?xml version="1.0" encoding="UTF-8"?>
<record
    xmlns:xsi="http://www.w3.org/2001/XMLSchema-instance"
    xsi:schemaLocation="http://www.loc.gov/MARC21/slim http://www.loc.gov/standards/marcxml/schema/MARC21slim.xsd"
    xmlns="http://www.loc.gov/MARC21/slim">

  <leader>01582nam a22002537a 4500</leader>
  <controlfield tag="005">20220111115130.0</controlfield>
  <controlfield tag="008">220110b           ||||| |||| 00| 0 eng d</controlfield>
  <datafield tag="020" ind1=" " ind2=" ">
    <subfield code="a">9788121904148</subfield>
  </datafield>
  <datafield tag="040" ind1=" " ind2=" ">
    <subfield code="c">AL</subfield>
  </datafield>
  <datafield tag="041" ind1=" " ind2=" ">
    <subfield code="a">Eng</subfield>
  </datafield>
  <datafield tag="082" ind1=" " ind2=" ">
    <subfield code="2">23</subfield>
    <subfield code="a">539.7 </subfield>
    <subfield code="b">SUBA</subfield>
  </datafield>
  <datafield tag="100" ind1=" " ind2=" ">
    <subfield code="a">Subrahmanyam N and others</subfield>
    <subfield code="9">12920</subfield>
  </datafield>
  <datafield tag="245" ind1=" " ind2=" ">
    <subfield code="a">Atomic and Nuclear Physics</subfield>
  </datafield>
  <datafield tag="260" ind1=" " ind2=" ">
    <subfield code="a">New Delhi</subfield>
    <subfield code="b">S Chand And Company Limited</subfield>
    <subfield code="c">2019</subfield>
  </datafield>
  <datafield tag="300" ind1=" " ind2=" ">
    <subfield code="a">xii,275 p.</subfield>
    <subfield code="b">PB</subfield>
    <subfield code="c">24x17 cm.</subfield>
  </datafield>
  <datafield tag="365" ind1=" " ind2=" ">
    <subfield code="a">4968</subfield>
    <subfield code="b">&#x20B9;248.00</subfield>
    <subfield code="c">&#x20B9;</subfield>
    <subfield code="d">&#x20B9;310.00</subfield>
    <subfield code="e">20%</subfield>
    <subfield code="f">06-01-2022</subfield>
  </datafield>
  <datafield tag="520" ind1=" " ind2=" ">
    <subfield code="a">The present edition of the book is revised as per the UGC syllabus. Questions and problems at the end of each chapter have been up-dated. Many new solved examples are included in this edition.
Certain topics have been added so that students from some universities where the syllabus has been modified and upgraded may benefit.

Table of Contents
1. Relativity
2. Quantum Mechanics
3. Matter Waves-Wave Particle Duality and Uncertainty Principle
4. Mechanics
5. Atomic Physics
6. X-Rays
7. Molecular Physics
8. Raman Effect and Spectroscopic Techniques
9. Interaction of Charged Particles and Neutrons with Matter
10.Structure of Nuclei
11.Nuclear Reactions
12. Nuclear Models
Appendix A-D
Bibliography

Besides being a text-book we hope that this will benefit students appearing at the IAS, AMIE and other Competitive Examinations.</subfield>
  </datafield>
  <datafield tag="650" ind1=" " ind2=" ">
    <subfield code="a">Atomic Physics</subfield>
    <subfield code="9">12814</subfield>
  </datafield>
  <datafield tag="650" ind1=" " ind2=" ">
    <subfield code="a">Nuclear Physics</subfield>
    <subfield code="9">12815</subfield>
  </datafield>
  <datafield tag="700" ind1=" " ind2=" ">
    <subfield code="a">SUBRAHMANYAM (N)</subfield>
    <subfield code="9">12816</subfield>
  </datafield>
  <datafield tag="700" ind1=" " ind2=" ">
    <subfield code="a">LAL (Brij)</subfield>
    <subfield code="9">12817</subfield>
  </datafield>
  <datafield tag="700" ind1=" " ind2=" ">
    <subfield code="a">SESHAN (Jivan) </subfield>
    <subfield code="9">12818</subfield>
  </datafield>
  <datafield tag="942" ind1=" " ind2=" ">
    <subfield code="2">ddc</subfield>
    <subfield code="c">BK</subfield>
  </datafield>
  <datafield tag="999" ind1=" " ind2=" ">
    <subfield code="c">221138</subfield>
    <subfield code="d">221138</subfield>
  </datafield>
  <datafield tag="952" ind1=" " ind2=" ">
    <subfield code="0">0</subfield>
    <subfield code="1">0</subfield>
    <subfield code="2">ddc</subfield>
    <subfield code="4">0</subfield>
    <subfield code="7">0</subfield>
    <subfield code="8">PHY</subfield>
    <subfield code="a">AL</subfield>
    <subfield code="b">AL</subfield>
    <subfield code="d">2022-01-10</subfield>
    <subfield code="e">Biblios Book Point</subfield>
    <subfield code="g">248.00</subfield>
    <subfield code="l">0</subfield>
    <subfield code="o">539.7 SUBA</subfield>
    <subfield code="p">075310</subfield>
    <subfield code="r">2022-01-10 00:00:00</subfield>
    <subfield code="v">310.00</subfield>
    <subfield code="w">2022-01-10</subfield>
    <subfield code="y">BK</subfield>
  </datafield>
</record>
